| 000 | 00714nam a2200241 a 4500 | ||
|---|---|---|---|
| 001 | BRL_963 | ||
| 005 | 20190320210955.0 | ||
| 008 | 291013s1952----gt-a######---#000-0#spa-# | ||
| 041 | _aspaeng | ||
| 044 | _agt | ||
| 050 | 4 |
_aGT639 _b.C76 1952 |
|
| 100 | 1 |
_aCrocken, Frederick _925457 |
|
| 245 | 1 | 0 |
_aTrajes de Guatemala _cFrederick Crocken. |
| 260 |
_aGuatemala _bLito. B. Zadik : Cía. Guatemala _c[1952] |
||
| 300 |
_av. _bil., láminas _c45 cm. |
||
| 500 | _at.1 Au2355 | ||
| 500 | _aTexto en: español e inglés | ||
| 500 | _aLa biblioteca solamente cuenta con el tomo 1. | ||
| 650 | 1 | 4 |
_aPrendas de vestir _zGuatemala _925458 |
| 650 | 1 | 4 |
_aIndumentaria _zGuatemala _925459 |
| 902 | _aGRL | ||
| 942 |
_2lcc _cB |
||
| 999 |
_c9775 _d9775 |
||